[Event "81st ch-ESP Rapid 2016"]
[Site "Linares ESP"]
[Date "2016.08.14"]
[Round "9.10"]
[White "Narciso Dublan, Marc"]
[Black "Montoliu Cervero, Francisco"]
[Result "0-1"]
[WhiteTitle "GM"]
[BlackTitle "FM"]
[WhiteElo "2482"]
[BlackElo "2346"]
[WhiteFideId "2201500"]
[BlackFideId "2214814"]
[EventDate "2016.08.14"]

1. d4 d5 2. c4 dxc4 3. Nf3 Nf6 4. e3 e6 5. Bxc4 a6 6. O-O b5 7. Be2 Bb7 8. a4 b4
9. Nbd2 c5 10. b3 Nc6 11. Bb2 cxd4 12. Nxd4 Nxd4 13. Bxd4 Be7 14. Qc2 O-O 15.
Qb2 Rc8 16. Rfd1 Qa5 17. Bf3 Bxf3 18. Nxf3 Rfd8 19. Rac1 Ne8 20. Ne5 f6 21. Nc6
Rxc6 22. Rxc6 e5 23. Qe2 exd4 24. exd4 Kf8 25. Re1 Rd7 26. Re6 Qd8 27. Rxa6 Nc7
28. Ra7 Rxd4 29. g3 Rd7 30. Qh5 h6 31. h4 Bd6 32. Qf5 Re7 33. Rd1 Qb8 34. Ra5
Qb6 35. h5 Be5 36. Rd8+ Re8 37. Rxe8+ Kxe8 38. Qc8+ Ke7 39. Rxe5+ fxe5 0-1

[Event "81st ch-ESP Rapid 2016"]
[Site "Linares ESP"]
[Date "2016.08.14"]
[Round "9.13"]
[White "Tejedor Fuente, Enrique"]
[Black "Ljubojevic, Ljubomir"]
[Result "1-0"]
[WhiteTitle "FM"]
[BlackTitle "GM"]
[WhiteElo "2377"]
[BlackElo "2571"]
[WhiteFideId "2299100"]
[BlackFideId "900010"]
[EventDate "2016.08.14"]

1. e4 c5 2. Nc3 Nc6 3. Bb5 Nd4 4. Bc4 e6 5. Nf3 a6 6. Nxd4 cxd4 7. Ne2 b5 8. Bb3
Bb7 9. Nxd4 Bxe4 10. O-O Bc5 11. Nf3 Qf6 12. c3 Bxf3 13. Qxf3 Qxf3 14. gxf3 Ne7
15. d4 Bd6 16. a4 O-O 17. Bg5 Ng6 18. Rfb1 Bf4 19. Bxf4 Nxf4 20. Kf1 d5 21. axb5
axb5 22. Bc2 g5 23. Ke1 Kg7 24. Kd2 Rfb8 25. b4 h6 26. Ra5 Kf6 27. Rba1 Rxa5 28.
bxa5 Ke7 29. Rb1 Kd6 30. Ba4 Kc6 31. Rxb5 Rxb5 32. a6 Kb6 33. Bxb5 Ng2 34. c4
dxc4 35. Bxc4 Nh4 36. Ke3 Nf5+ 37. Ke4 Nd6+ 38. Kd3 Nf5 39. Ke4 Nd6+ 40. Kd3 Nf5
41. Kc3 Nd6 42. Be2 Nc8 43. Bf1 Nd6 44. Be2 Nc8 45. Bf1 Nd6 46. Kd2 Nf5 47. Kc3
Nd6 48. Bd3 Nc8 49. Kb4 Nd6 50. Be2 Nf5 51. Kc3 Nd6 52. h3 Nc8 53. Kd3 Nd6 54.
Ke3 Ka7 55. Bd3 f6 56. f4 Kb6 57. fxg5 fxg5 58. f4 Ka7 59. fxg5 hxg5 60. Kf3 Nf5
61. Ke4 Nh4 62. Be2 Ng2 63. Ke5 Nf4 64. Bf1 Kb6 65. Kf6 Nh5+ 66. Kxg5 Ng3 67.
Bd3 Nh1 68. h4 Nf2 69. Be2 Ne4+ 70. Kg6 Ng3 71. Bd3 Nh1 72. h5 Nf2 73. Be2 Nh3
74. h6 Nf4+ 75. Kg7 Nxe2 76. h7 Nxd4 77. h8=Q Kxa6 78. Kf6 Kb5 79. Ke5 Nb3 80.
Kxe6 Kc4 81. Qc8+ Kd4 82. Kd6 Nd2 83. Qc5+ Kd3 84. Ke5 Nc4+ 85. Kf4 Nd2 86. Qe3+
Kc2 87. Qe2 Kc3 88. Ke3 Nc4+ 89. Ke4 Nd2+ 90. Kd5 Nb3 91. Qc4+ Kb2 92. Qd3 Na1
93. Kc4 Nc2 94. Qb3+ Kc1 95. Kc3 1-0

[Event "81st ch-ESP Rapid 2016"]
[Site "Linares ESP"]
[Date "2016.08.14"]
[Round "9.14"]
[White "Valles Moreno, Ivan"]
[Black "Silva Rodriguez, Fernando"]
[Result "1-0"]
[WhiteTitle "IM"]
[WhiteElo "2447"]
[BlackElo "2255"]
[WhiteFideId "2205688"]
[BlackFideId "2215268"]
[EventDate "2016.08.14"]

1. e4 e5 2. Nf3 Nc6 3. Bb5 a6 4. Ba4 Nf6 5. O-O Be7 6. Re1 b5 7. Bb3 d6 8. c3
O-O 9. d4 exd4 10. Nxd4 Na5 11. Bc2 c5 12. Nf3 Bb7 13. Nbd2 Re8 14. Nf1 Bf8 15.
Ng3 d5 16. e5 Nd7 17. Bxh7+ Kxh7 18. Ng5+ Qxg5 19. Bxg5 Nxe5 20. Bf4 Ng6 21.
Qh5+ Kg8 22. Bc7 Nc4 23. b3 Nd6 24. Rad1 Rac8 25. Bxd6 Bxd6 26. Nf5 Be5 27. Re3
Re6 28. Rh3 Kf8 29. Qh8+ 1-0

[Event "81st ch-ESP Rapid 2016"]
[Site "Linares ESP"]
[Date "2016.08.14"]
[Round "9.15"]
[White "Garcia Molina, Francisco Miguel"]
[Black "Espinosa Aranda, Angel"]
[Result "0-1"]
[BlackTitle "IM"]
[WhiteElo "2166"]
[BlackElo "2422"]
[WhiteFideId "2278219"]
[BlackFideId "2278189"]
[EventDate "2016.08.14"]

1. d4 Nf6 2. Nf3 e6 3. e3 b6 4. b3 Bb7 5. Bd3 d5 6. Nbd2 Nbd7 7. Bb2 Bd6 8. O-O
Ne4 9. Ne5 Nxd2 10. Qxd2 O-O 11. Nxd7 Qxd7 12. Qe2 f6 13. e4 c5 14. Rad1 cxd4
15. Bxd4 Qc6 16. Rfe1 dxe4 17. Bxe4 Qxe4 18. Qxe4 Bxe4 19. Rxe4 Rfd8 20. Ree1
Bb4 21. c3 Rxd4 22. cxd4 Bxe1 23. Rxe1 Rc8 24. Kf1 Kf7 25. f3 Ke7 26. Kf2 Kd6
27. Ke3 Kd5 28. Kd3 a5 29. a4 Rc7 30. Rd1 g5 31. Re1 h5 32. Rf1 Rb7 33. Rc1 Kd6
34. h3 b5 35. axb5 Rxb5 36. Kc4 Rf5 37. Ra1 g4 38. fxg4 hxg4 39. hxg4 Rg5 40.
Ra2 Rxg4 41. Rxa5 e5 42. Ra6+ Ke7 43. Ra7+ Ke6 44. Ra6+ Kf5 45. Rd6 e4 46. b4
Rxg2 47. Rd8 Rc2+ 48. Kb3 Rc1 49. Re8 Kf4 50. d5 e3 51. b5 Rc5 52. Kb4 Rxd5 53.
b6 Re5 54. Rxe5 fxe5 55. b7 e2 56. b8=Q e1=Q+ 57. Kc4 Qe4+ 58. Kc5 Qd4+ 59. Kc6
Kf3 60. Qb3+ Qe3 61. Qf7+ Ke2 62. Qa2+ Kd3 63. Qb3+ Ke4 64. Qd5+ Kf4 65. Qf7+
Kg3 66. Qg8+ Kf3 67. Qf7+ Qf4 68. Qb3+ Kg4 69. Qg8+ Qg5 70. Qc4+ Kf5 71. Qf1+
Qf4 72. Qh3+ Qg4 73. Qf1+ Ke6 74. Qd3 Qg2+ 75. Kc5 Qg1+ 76. Kc6 Qc1+ 77. Kb6
Qg1+ 78. Kc6 Qc1+ 79. Kb6 Kf6 80. Qf3+ Qf4 81. Qc6+ Kg5 82. Qc2 e4 83. Qg2+ Kf6
84. Qb2+ Qe5 85. Qf2+ Ke6 86. Qa2+ Qd5 87. Qe2 Qb3+ 88. Kc5 Qc3+ 89. Kb6 Qd4+
90. Kc6 Qd6+ 91. Kb7 Qd3 92. Qg4+ Ke5 93. Qg7+ Kf4 94. Qf6+ Ke3 95. Qg5+ Kd4 96.
Qf6+ Kc4 97. Qa6+ Kc3 98. Qa1+ Kd2 99. Qb2+ Qc2 100. Qd4+ Ke2 101. Kb6 Qb3+ 102.
Kc6 e3 103. Qg4+ Kd2 104. Qg2+ e2 105. Qg5+ Kd1 106. Qg4 Qc3+ 107. Kd5 Kd2 108.
Qf4+ Kc2 109. Qf2 Qd2+ 110. Ke5 0-1

[Event "81st ch-ESP Rapid 2016"]
[Site "Linares ESP"]
[Date "2016.08.14"]
[Round "9.16"]
[White "Lopez Mulet, Inigo"]
[Black "Rodriguez Guerrero, Enrique"]
[Result "1-0"]
[WhiteTitle "FM"]
[WhiteElo "2343"]
[BlackElo "2426"]
[WhiteFideId "22235620"]
[BlackFideId "2216892"]
[EventDate "2016.08.14"]

1. d4 Nf6 2. c4 c5 3. d5 a6 4. e3 b5 5. Nc3 Bb7 6. cxb5 axb5 7. Bxb5 Qa5 8. Bd2
Qb6 9. Nf3 Nxd5 10. Nxd5 Bxd5 11. a4 e6 12. Bc3 Bd6 13. O-O O-O 14. Nd2 Be7 15.
Qg4 f6 16. e4 Bb7 17. Nc4 Qc7 18. Rad1 Nc6 19. Rd3 Rae8 20. Rfd1 Bc8 21. Qh5 Rf7
22. e5 f5 23. Rg3 Nd4 24. Bxd4 cxd4 25. Rxd4 g6 26. Qh6 Rg7 27. Rc3 Qa7 28. Nd6
Bxd6 29. Rxd6 Ba6 30. Rxa6 Qd4 1-0

[Event "81st ch-ESP Rapid 2016"]
[Site "Linares ESP"]
[Date "2016.08.14"]
[Round "9.17"]
[White "Rubio Tent, Francisco"]
[Black "Cruz Lledo, Pablo"]
[Result "1/2-1/2"]
[BlackTitle "FM"]
[WhiteElo "2199"]
[BlackElo "2414"]
[WhiteFideId "2238233"]
[BlackFideId "2297361"]
[EventDate "2016.08.14"]

1. e4 c6 2. d4 d5 3. Nd2 dxe4 4. Nxe4 Nf6 5. Nxf6+ gxf6 6. g3 h5 7. Nf3 Bg4 8.
Bg2 h4 9. h3 Bxf3 10. Bxf3 Nd7 11. g4 Qc7 12. Be3 Bh6 13. Bxh6 Rxh6 14. Qd2 Rh8
15. O-O-O O-O-O 16. Kb1 e6 17. Bg2 Nf8 18. Rhf1 Ng6 19. f4 e5 20. fxe5 fxe5 21.
Qf2 exd4 22. Rxd4 Qg3 23. Rxd8+ Rxd8 24. a3 Rd1+ 25. Ka2 Rxf1 26. Qxf1 Nf4 27.
Be4 Qe3 28. Qc4 Kb8 29. Qb4 a6 30. Bxc6 Qe6+ 31. b3 Qxc6 32. Qxf4+ Ka8 33. Qf2
Qc3 34. Qg2 1/2-1/2

[Event "81st ch-ESP Rapid 2016"]
[Site "Linares ESP"]
[Date "2016.08.14"]
[Round "9.18"]
[White "Ortega Lopez, Mikel"]
[Black "Diaz Velandia, Jose Manuel"]
[Result "0-1"]
[WhiteTitle "FM"]
[BlackTitle "FM"]
[WhiteElo "2299"]
[BlackElo "2343"]
[WhiteFideId "22252878"]
[BlackFideId "3901939"]
[EventDate "2016.08.14"]

1. e4 c6 2. Nc3 d5 3. Nf3 dxe4 4. Nxe4 Nf6 5. Qe2 e6 6. d4 Be7 7. Nxf6+ Bxf6 8.
c3 O-O 9. Bf4 Qd5 10. Qc2 c5 11. dxc5 Qxc5 12. Bd3 h6 13. O-O Nc6 14. Rad1 e5
15. Be3 Qa5 16. b4 Qc7 17. Nd2 Bg4 18. f3 Be6 19. Ne4 Be7 20. Nc5 Bc8 21. a3 b6
22. Nb3 Be6 23. c4 Rac8 24. Rc1 Rfd8 25. Be4 Nd4 26. Bxd4 exd4 27. Bd3 Bg5 28.
Nd2 Be3+ 29. Kh1 Qf4 30. Rcd1 Bxd2 31. Rxd2 Bxc4 32. Bxc4 Rxc4 33. Qxc4 Qxd2 34.
Qc7 Re8 35. h3 Qe2 36. Qc1 d3 37. Rd1 Rd8 38. Rd2 Qe3 39. Qc3 b5 40. Rd1 Kh7 41.
Rd2 f6 42. Rd1 Kg6 43. Qc7 Rd5 44. Qc6 Qe2 45. Qc1 d2 46. Qc2+ Qd3 47. Rxd2 Qxc2
48. Rxc2 Rd3 49. Ra2 a6 50. Kg1 Kf5 51. Kf2 Ke5 52. Ke2 Kd4 53. Rd2 Rxd2+ 54.
Kxd2 h5 55. h4 g5 56. g3 gxh4 57. gxh4 Kc4 58. Kc2 f5 59. Kd2 Kb3 60. Ke3 Kxa3
61. Kf4 Kxb4 62. Kxf5 Kc4 63. Kg5 b4 64. f4 b3 65. f5 b2 66. f6 b1=Q 67. f7 Qb8 0-1

[Event "81st ch-ESP Rapid 2016"]
[Site "Linares ESP"]
[Date "2016.08.14"]
[Round "9.19"]
[White "Fernandez Borrego, Pablo"]
[Black "Ramirez Medina, Victor"]
[Result "1-0"]
[WhiteTitle "FM"]
[WhiteElo "2430"]
[BlackElo "2209"]
[WhiteFideId "2258285"]
[BlackFideId "22286942"]
[EventDate "2016.08.14"]

1. e4 c5 2. Nf3 d6 3. d4 cxd4 4. Nxd4 Nf6 5. Nc3 a6 6. Qf3 e6 7. g4 Qc7 8. g5
Nfd7 9. h4 b5 10. a3 Bb7 11. h5 Ne5 12. Qg2 Nbc6 13. Be3 Nxd4 14. Bxd4 Nc4 15.
Bxc4 Qxc4 16. O-O-O O-O-O 17. h6 e5 18. Qh3+ Kb8 19. Bxe5 Rg8 20. hxg7 Bxg7 21.
Bxg7 Rxg7 22. Qg3 Qc5 23. f4 f6 24. Rh5 fxg5 25. Rxg5 Rxg5 26. fxg5 Rg8 27.
Qxd6+ Qxd6 28. Rxd6 Rxg5 29. Rh6 Rg7 30. Kd2 Rg2+ 31. Kd3 Rg3+ 32. Kd4 Rg2 33.
e5 Bc8 34. e6 Rxc2 35. e7 Bd7 36. Nd5 b4 37. Rd6 Ba4 38. b3 Re2 39. bxa4 bxa3
40. Rd8+ Kb7 41. e8=Q Rxe8 42. Rxe8 a2 43. Re1 1-0

[Event "81st ch-ESP Rapid 2016"]
[Site "Linares ESP"]
[Date "2016.08.14"]
[Round "9.20"]
[White "Blanco Acevedo, Cristobal Jose"]
[Black "Domingo Nunez, Alejandro"]
[Result "1-0"]
[WhiteTitle "IM"]
[BlackTitle "FM"]
[WhiteElo "2346"]
[BlackElo "2344"]
[WhiteFideId "3900525"]
[BlackFideId "22245561"]
[EventDate "2016.08.14"]

1. e4 e6 2. d4 d5 3. Nc3 Bb4 4. e5 c5 5. a3 Bxc3+ 6. bxc3 Qa5 7. Bd2 Qa4 8. Nf3
b6 9. h4 Ba6 10. h5 h6 11. Rh4 Bxf1 12. Kxf1 Ne7 13. Kg1 c4 14. Ne1 Nbc6 15. Rg4
Nf5 16. Rf4 Rf8 17. Qf3 Qa5 18. Qe2 O-O-O 19. g4 Nfe7 20. Qf3 Kd7 21. Ng2 Rde8
22. a4 b5 23. Bc1 Rb8 24. Ba3 bxa4 25. Bd6 Rb2 26. Rxf7 Rxf7 27. Qxf7 Qxc3 28.
Nf4 Qxd4 29. Qxe6+ Kd8 30. Qxe7+ Nxe7 31. Ne6+ Kd7 32. Nxd4 Nc6 33. Ba3 c3 34.
e6+ Kc7 35. e7 Rb8 36. Nxc6 Kxc6 37. Re1 Re8 38. f4 d4 39. Re5 1-0

[Event "81st ch-ESP Rapid 2016"]
[Site "Linares ESP"]
[Date "2016.08.14"]
[Round "9.21"]
[White "Anaya Lopez, Gonzalo Javier"]
[Black "Latorre, Manuel"]
[Result "1/2-1/2"]
[BlackTitle "FM"]
[WhiteElo "1984"]
[BlackElo "2298"]
[WhiteFideId "22200053"]
[BlackFideId "3700844"]
[EventDate "2016.08.14"]

1. e4 c5 2. Nc3 d6 3. g3 g6 4. Bg2 Bg7 5. f4 Nc6 6. d3 e6 7. Nf3 Nge7 8. O-O O-O
9. a4 b6 10. Ne2 Ba6 11. g4 f5 12. h3 Qd7 13. Re1 Rae8 14. Ng3 d5 15. gxf5 exf5
16. e5 Nd8 17. a5 Bb7 18. axb6 axb6 19. d4 Ne6 20. h4 Bh6 21. Ne2 Ra8 22. Rxa8
Rxa8 23. Ng5 Bxg5 24. hxg5 Ra1 25. b3 Ba6 26. dxc5 bxc5 27. Qd2 d4 28. Nc3 Bb7
29. Na4 Bxg2 30. Qxg2 Nd5 31. Rf1 c4 32. bxc4 Ndxf4 33. Bxf4 Rxf1+ 34. Kxf1 Qxa4
35. Qd5 Kf7 36. Bd2 1/2-1/2

[Event "81st ch-ESP Rapid 2016"]
[Site "Linares ESP"]
[Date "2016.08.14"]
[Round "9.22"]
[White "Andres Gonzalez, Alberto"]
[Black "Iglesias Leon, Francisco J."]
[Result "1/2-1/2"]
[WhiteTitle "IM"]
[WhiteElo "2512"]
[BlackElo "2169"]
[WhiteFideId "2212595"]
[BlackFideId "2212544"]
[EventDate "2016.08.14"]

1. d4 Nf6 2. Bg5 c5 3. Bxf6 gxf6 4. dxc5 Qa5+ 5. Nc3 Qxc5 6. Qd2 d6 7. e3 Nc6 8.
Nge2 f5 9. Nd5 Ne5 10. Nec3 Bd7 11. O-O-O Bg7 12. e4 Ng4 13. exf5 Qxf2 14. Kb1
Qxd2 15. Rxd2 Rc8 16. Bd3 Be5 17. h3 Nf6 18. Nxf6+ exf6 19. Nd5 Bc6 20. Be4 h5
21. Re1 Bxd5 22. Bxd5 Rc7 23. h4 Kf8 24. Bf3 b6 25. Re4 Kg7 26. c3 Kh6 27. Kc2
Rhc8 28. Kb3 Rc5 29. a4 a5 30. Rd1 b5 31. axb5 Rxb5+ 32. Ka2 Rcb8 33. Rd2 Bg3
34. Re7 Bxh4 35. Bd5 Bg5 36. c4 Bxd2 37. cxb5 Rxb5 38. Bxf7 Rxf5 39. Kb3 Rg5 40.
Re2 Bf4 41. Kc4 Kg7 42. Bd5 Be5 43. b3 Rg3 44. Bf3 h4 45. Re3 f5 46. Kd5 f4 47.
Rd3 Kf6 48. Ke4 Ke6 49. Rd1 Kf6 50. Rd5 h3 51. gxh3 Rxh3 52. Rxa5 Ke7 53. Ra7+
Kd8 54. b4 d5+ 55. Kxe5 Rxf3 56. Kxd5 Rb3 57. Kc4 Re3 58. Rf7 f3 59. Kc5 Kc8 60.
Kb6 Re6+ 61. Ka5 Re3 62. b5 Re6 63. Rxf3 Kb7 64. Rf7+ Kb8 65. Kb4 Rg6 66. Rd7
Rh6 67. Kc5 Kc8 68. Rd6 Rxd6 69. Kxd6 Kb7 70. Kc5 Kc7 71. b6+ Kb7 72. Kb5 Kb8
73. Kc6 Kc8 74. b7+ Kb8 1/2-1/2

[Event "81st ch-ESP Rapid 2016"]
[Site "Linares ESP"]
[Date "2016.08.14"]
[Round "9.23"]
[White "Valmana Canto, Jaime"]
[Black "Queirolo Perez, Manuel"]
[Result "1-0"]
[WhiteTitle "FM"]
[WhiteElo "2389"]
[BlackElo "2096"]
[WhiteFideId "2268990"]
[BlackFideId "3401219"]
[EventDate "2016.08.14"]

1. Nf3 c5 2. g3 g6 3. Bg2 Bg7 4. O-O Nc6 5. c4 Nf6 6. d4 cxd4 7. Nxd4 Nxd4 8.
Qxd4 d6 9. Nc3 O-O 10. b3 Ne4 11. Qxe4 Bxc3 12. Bh6 Re8 13. Rac1 Bb2 14. Rcd1
Rb8 15. c5 Bf5 16. Qa4 Bd7 17. Qxa7 Bb5 18. Bf3 Qc7 19. a4 Ba6 20. cxd6 exd6 21.
Be3 Ra8 22. Qb6 Qxb6 23. Bxb6 Bxe2 24. Bxe2 Rxe2 25. Rxd6 Be5 26. Rd5 Re8 27.
Be3 Kg7 28. Rfd1 Bb2 29. Rb5 Re7 30. Kf1 Rc2 31. Rd2 Rc1+ 32. Kg2 Rb1 33. Rxb2
Rxb2 34. Bd4+ Kf8 35. Bxb2 Ke8 36. Bd4 Rc7 37. h4 Kd7 38. h5 Ke6 39. Re5+ Kd6
40. h6 Rc2 41. Re8 Kd5 42. Bf6 Rc6 43. Bg7 Rb6 44. Rh8 Rxb3 45. Rxh7 Ra3 46. Rh8
Rxa4 47. h7 Ra8 1-0

[Event "81st ch-ESP Rapid 2016"]
[Site "Linares ESP"]
[Date "2016.08.14"]
[Round "9.24"]
[White "Sanchez Jimenez, Juan Carlos"]
[Black "Martinez Reyes, Pedro Ramon"]
[Result "1-0"]
[WhiteTitle "FM"]
[BlackTitle "FM"]
[WhiteElo "2217"]
[BlackElo "2365"]
[WhiteFideId "2206331"]
[BlackFideId "3901807"]
[EventDate "2016.08.14"]

1. d4 d5 2. c4 e6 3. Nc3 Be7 4. Nf3 Nf6 5. Bg5 h6 6. Bxf6 Bxf6 7. e3 c5 8. cxd5
exd5 9. Qb3 cxd4 10. Nxd4 Nc6 11. Bb5 Bxd4 12. exd4 O-O 13. Rd1 Re8+ 14. Be2 Qh4
15. Qxd5 Bg4 16. Kf1 Rad8 17. Qc4 Bxe2+ 18. Nxe2 Ne5 19. Qb3 Ng4 20. Qg3 Qh5 21.
h3 Rxe2 22. Kxe2 Qb5+ 23. Qd3 Qe8+ 24. Kf1 Nf6 25. g3 Qa4 26. Kg2 Qxa2 27. d5
Rxd5 28. Qa3 Qc4 29. Rxd5 Qxd5+ 30. Qf3 Qb5 31. b3 h5 32. Rc1 Qb6 33. Rc8+ Kh7
34. Qf5+ g6 35. Qc5 Qxc5 36. Rxc5 Ne8 37. Rd5 Kg7 38. Rd8 Nf6 39. Rb8 b6 40. Rb7
Nd5 41. Rxa7 Kf6 42. Kf3 Ke6 43. Ke4 f5+ 44. Kd4 Kd6 45. Rg7 Ne7 46. f4 Nc6+ 47.
Kc4 Na5+ 48. Kb4 Nc6+ 49. Kc4 Na5+ 50. Kd3 Nxb3 51. Rxg6+ Ke7 52. Rxb6 Nc5+ 53.
Kd4 Ne4 54. g4 hxg4 55. hxg4 Ng3 56. g5 Kf7 57. Ke5 Kg7 58. Rb7+ Kg6 59. Rb6+
Kh5 60. Rh6+ Kg4 61. g6 1-0

[Event "81st ch-ESP Rapid 2016"]
[Site "Linares ESP"]
[Date "2016.08.14"]
[Round "9.25"]
[White "Merario Alarcon, Andres"]
[Black "Pazos Porta, Antonio"]
[Result "1-0"]
[BlackTitle "FM"]
[WhiteElo "2262"]
[BlackElo "2338"]
[WhiteFideId "24522767"]
[BlackFideId "2263190"]
[EventDate "2016.08.14"]

1. e4 c5 2. Nf3 e6 3. d4 cxd4 4. Nxd4 a6 5. Nc3 Qc7 6. Qf3 Nc6 7. Nxc6 bxc6 8.
Qg3 Qxg3 9. hxg3 d6 10. f3 Ne7 11. Be3 c5 12. O-O-O Nc6 13. Bc4 Be7 14. g4 Bb7
15. Rh5 Ne5 16. Be2 h6 17. g5 Rg8 18. gxh6 gxh6 19. g4 Nd7 20. Rxh6 Bf8 21. Rh3
Ke7 22. Bf4 e5 23. Be3 Nb6 24. a4 Rc8 25. a5 Na8 26. Bc4 Nc7 27. Rh5 Bg7 28.
Bg5+ 1-0

[Event "81st ch-ESP Rapid 2016"]
[Site "Linares ESP"]
[Date "2016.08.14"]
[Round "9.26"]
[White "Jimenez Almeida, Luis David"]
[Black "Lopez Gonzalez, Daniel"]
[Result "1/2-1/2"]
[WhiteElo "2212"]
[BlackElo "2279"]
[WhiteFideId "22242244"]
[BlackFideId "2231948"]
[EventDate "2016.08.14"]

1. d4 Nf6 2. Nf3 d5 3. c4 e6 4. g3 Be7 5. Bg2 O-O 6. O-O c6 7. Qc2 b6 8. Nbd2
Bb7 9. Rd1 Na6 10. Ne5 Rc8 11. b3 Nd7 12. Nxd7 Qxd7 13. Bb2 c5 14. dxc5 Nxc5 15.
cxd5 Bxd5 16. Nc4 Qb7 17. Bxd5 exd5 18. Ne3 Na4 19. Qd2 Nxb2 20. Rdc1 Bf6 21.
Ng4 Qe7 22. Nxf6+ Qxf6 23. Rab1 Nc4 24. bxc4 dxc4 25. Rb4 Qe6 26. Qc2 c3 27. Rb3
g6 28. a3 Rfd8 29. Rxc3 Rxc3 30. Qxc3 Qxe2 31. Re1 Rd1 32. Qc8+ Kg7 33. Qc3+ Kh6
34. Rxd1 Qxd1+ 35. Kg2 Qd5+ 36. Kg1 Qc5 37. Qb2 b5 38. h4 Qd5 39. Qc3 Qc4 40.
Qe3+ Kg7 41. Qxa7 Qc1+ 42. Kg2 Qc6+ 43. Kg1 Qc1+ 44. Kg2 Qc6+ 1/2-1/2

[Event "81st ch-ESP Rapid 2016"]
[Site "Linares ESP"]
[Date "2016.08.14"]
[Round "9.27"]
[White "Vega Gutierrez, Sabrina"]
[Black "Fernandez Torre, Ivan"]
[Result "1/2-1/2"]
[WhiteTitle "IM"]
[WhiteElo "2408"]
[BlackElo "2164"]
[WhiteFideId "2219026"]
[BlackFideId "2229528"]
[EventDate "2016.08.14"]

1. e4 c5 2. Nf3 d6 3. d4 cxd4 4. Qxd4 a6 5. c4 Nc6 6. Qe3 g6 7. h3 Bg7 8. Be2
Nf6 9. O-O O-O 10. Nc3 Nd7 11. Rd1 a5 12. Rb1 Nc5 13. b3 Bd7 14. Bd2 Nb4 15. Be1
Nc2 16. Qc1 Nxe1 17. Rxe1 Bxc3 18. Qxc3 Nxe4 19. Qe3 Nc5 20. Rbd1 Bc6 21. Nd4
Qc7 22. h4 e5 23. Nf5 gxf5 24. Qg5+ Kh8 25. Qf6+ Kg8 26. Qg5+ Kh8 27. Qf6+ Kg8
28. Qg5+ 1/2-1/2

[Event "81st ch-ESP Rapid 2016"]
[Site "Linares ESP"]
[Date "2016.08.14"]
[Round "9.28"]
[White "Gines Esteo, Pedro Antonio"]
[Black "Hernandez Estevez, Yudania"]
[Result "1-0"]
[BlackTitle "WIM"]
[WhiteElo "2194"]
[BlackElo "2232"]
[WhiteFideId "32080190"]
[BlackFideId "2219344"]
[EventDate "2016.08.14"]

1. d4 d5 2. Nf3 c6 3. c4 Nf6 4. e3 Bf5 5. Nc3 e6 6. Nh4 Bg4 7. Qb3 Qc7 8. h3 Bh5
9. g4 Bg6 10. Nxg6 hxg6 11. Bg2 Nbd7 12. Bd2 Bd6 13. O-O-O O-O-O 14. g5 Ng8 15.
e4 dxc4 16. Qxc4 Nb6 17. Qb3 Bf4 18. Kb1 Rxd4 19. Bxf4 Rxd1+ 20. Rxd1 Qxf4 21.
Qb4 Nd7 22. Qd4 Ngf6 23. gxf6 Nxf6 24. Qxa7 Nd7 25. Na4 Qc7 26. Qa8+ Qb8 27.
Qxb8+ Nxb8 28. Nb6+ Kc7 29. Nc4 Nd7 30. Nd6 Nc5 31. Nxf7 Rf8 32. Ng5 Rxf2 33.
Rc1 Rxg2 34. Rxc5 Kd6 35. Ra5 Ke7 36. Nf3 Rg3 37. Nd4 Kd6 38. e5+ Ke7 39. Ra7
Rxh3 40. Rxb7+ 1-0

[Event "81st ch-ESP Rapid 2016"]
[Site "Linares ESP"]
[Date "2016.08.14"]
[Round "9.29"]
[White "Suarez Uriel, Adrian"]
[Black "Perera Borrego, Mariela"]
[Result "1-0"]
[WhiteTitle "FM"]
[BlackTitle "WFM"]
[WhiteElo "2311"]
[BlackElo "2157"]
[WhiteFideId "22230874"]
[BlackFideId "22238255"]
[EventDate "2016.08.14"]

1. e4 d6 2. d4 Nf6 3. Nc3 e5 4. Nf3 Nbd7 5. Bc4 Be7 6. a4 O-O 7. O-O a5 8. Re1
c6 9. h3 Nb6 10. Bb3 Nfd7 11. Qe2 exd4 12. Nxd4 Nc5 13. Ba2 Nbxa4 14. Nxa4 Nxa4
15. Rd1 Nb6 16. e5 d5 17. c4 c5 18. Nb5 d4 19. Bb1 g6 20. b3 Be6 21. Be4 Qd7 22.
Qf3 Rfb8 23. Nd6 Bxd6 24. exd6 f5 25. Bd3 a4 26. b4 cxb4 27. c5 Nd5 28. Bc4 Nc3
29. Rxd4 Ra5 30. Bxe6+ Qxe6 31. Rxb4 Ne2+ 32. Kh1 Nxc1 33. Rxc1 a3 34. Rxb7 Rxb7
35. Qxb7 Qe8 36. d7 Qd8 37. Qc8 Ra8 38. Qxd8+ Rxd8 39. c6 1-0

[Event "81st ch-ESP Rapid 2016"]
[Site "Linares ESP"]
[Date "2016.08.14"]
[Round "9.30"]
[White "Lobo Rodriguez, Jesus Angel"]
[Black "Matamoros Franco, Carlos S."]
[Result "0-1"]
[BlackTitle "GM"]
[WhiteElo "2133"]
[BlackElo "2488"]
[WhiteFideId "2218747"]
[BlackFideId "3600017"]
[EventDate "2016.08.14"]

1. d4 Nf6 2. c4 g6 3. Nc3 Bg7 4. Nf3 O-O 5. Bf4 d6 6. e3 c5 7. Be2 Qb6 8. Qd2
Bf5 9. O-O Ne4 10. Nxe4 Bxe4 11. Rac1 Bxf3 12. dxc5 Qxb2 13. Qxb2 Bxb2 14. Bxf3
Bxc1 15. Bxb7 Nd7 16. Bxa8 Nxc5 17. Bf3 Bb2 18. Rb1 Bf6 19. e4 Bd4 20. Kf1 Kg7
21. Ke2 Rc8 22. Be3 Bxe3 23. Kxe3 Kf6 24. Be2 Rc6 25. f4 Ra6 26. Rb2 Ra3+ 27.
Kd4 Ne6+ 28. Kd5 Nxf4+ 29. Kc6 Nxe2 30. Rxe2 Ra5 31. Kb7 Ke5 32. Rb2 Kd4 33. Kc7
Kxc4 34. Kd7 Ra4 0-1

[Event "81st ch-ESP Rapid 2016"]
[Site "Linares ESP"]
[Date "2016.08.14"]
[Round "9.31"]
[White "Somalo Fernandez, Millan"]
[Black "Sanchez Aller, Fernando"]
[Result "0-1"]
[BlackTitle "FM"]
[WhiteElo "2064"]
[BlackElo "2281"]
[WhiteFideId "2229048"]
[BlackFideId "2222892"]
[EventDate "2016.08.14"]

1. e4 e5 2. Nf3 Nc6 3. Bc4 Nf6 4. Ng5 d5 5. exd5 Na5 6. Bb5+ c6 7. dxc6 bxc6 8.
Qf3 Be7 9. d3 O-O 10. Ba4 Nd5 11. Qh5 h6 12. h4 Nf6 13. Qe2 hxg5 14. hxg5 Ng4
15. Qe4 f5 16. Bb3+ Nxb3 17. Qxc6 Qb6 18. Qxa8 Nxa1 19. Qf3 Nxc2+ 20. Kd1 e4 21.
Qg3 Nxf2+ 22. Kxc2 Qd8 0-1

[Event "81st ch-ESP Rapid 2016"]
[Site "Linares ESP"]
[Date "2016.08.14"]
[Round "9.32"]
[White "Jimenez Martinez, Jose Vicente"]
[Black "Collado Barbas, Laura"]
[Result "0-1"]
[WhiteTitle "FM"]
[BlackTitle "WFM"]
[WhiteElo "2329"]
[BlackElo "2113"]
[WhiteFideId "2264021"]
[BlackFideId "2294907"]
[EventDate "2016.08.14"]

1. d4 d5 2. c4 e6 3. Nf3 c6 4. Bg5 Qb6 5. Qc2 Na6 6. a3 Bd7 7. e3 c5 8. cxd5
exd5 9. Nc3 Bc6 10. Be2 Be7 11. Bxe7 Nxe7 12. O-O O-O 13. Rfd1 Rfd8 14. Ne5 Be8
15. Bf3 cxd4 16. Rxd4 Qe6 17. Nd3 Bc6 18. Nf4 Qe5 19. Nd3 Qf6 20. Rf4 Qd6 21.
Ne2 Ng6 22. Rd4 Nc7 23. Nb4 Ne6 24. Rd2 Rac8 25. Qd1 Nc7 26. Rc1 Ne5 27. Nd4 a5
28. Nf5 Qd7 29. Nxd5 Nxd5 30. Bxd5 Qxf5 31. e4 Qg6 32. f4 Bxd5 33. Rxc8 Rxc8 34.
fxe5 Qb6+ 35. Kh1 Bxe4 36. h3 h6 37. Qg4 Qc6 38. Rd6 Qc4 39. e6 f5 40. Qg3 Re8
41. Rd7 Qc1+ 42. Kh2 Qxb2 43. e7 Qf6 44. Qc7 Kf7 45. Rd8 Rxe7 46. Qc4+ Qe6 47.
Qf1 Qe5+ 48. Kg1 Qc5+ 49. Kh1 Qc3 50. Qe2 Qxh3+ 51. Kg1 Qc3 52. Qa2+ Kg6 53.
Rd6+ Kg5 54. Rd2 Qe3+ 55. Rf2 Qe1+ 56. Kh2 Qe3 57. Qb2 h5 58. Qa2 h4 59. Re2
Qg3+ 60. Kg1 Rd7 61. Qa1 h3 62. Qc1+ Kh4 63. Rf2 h2+ 64. Kh1 Qxf2 0-1